|
|
|
|
| LEADER |
00767cam a2200241 7i4500 |
| 001 |
0000032230 |
| 005 |
20160628090000.0 |
| 007 |
##ta |
| 008 |
160620s2014 nyua 000 0 eng |
| 020 |
# |
# |
|a 9780761178972
|
| 040 |
# |
# |
|a DLC
|
| 090 |
0 |
0 |
|a B 650.1
|b KLE
|
| 100 |
1 |
# |
|a Kleon, Austin
|e author
|
| 245 |
1 |
0 |
|a SHOW YOUR WORK! :
|b 10 WAYS TO SHARE YOUR CREATIVITY AND GET DISCOVERED
|c Austin Kleon.
|
| 264 |
# |
1 |
|a New York, NY:
|b Workman Publishing Company,
|c 2014.
|
| 300 |
# |
# |
|a 215 pages:
|b illustrations;
|c 16 cm.
|
| 336 |
# |
# |
|a text
|2 rdacontent
|
| 337 |
# |
# |
|a unmediated
|2 rdamedia
|
| 338 |
# |
# |
|a volume
|2 rdacarrier
|
| 650 |
# |
0 |
|a Success in business
|
| 650 |
# |
0 |
|a Business networks
|
| 650 |
# |
0 |
|a Career development
|
| 999 |
|
|
|a B000035998
|b Book
|c Countries
|e Business Information Centre
|